000
00208nam a22000857a 4500
008
170117b xxu||||| |||| 00| 0 eng d
100
_9
2454
_a
Sharma.N.K
245
_a
Science lab-VIII
260
_a
New Delhi
_b
LP
_c
2010
999
_c
5513
_d
5513